00573 2200181 4500001002100000005001700021008004100038020002200079035002900101090001700130100002500147245006700172250001000239260003900249300002500288650001400313990006400327INLIS00000000002496520151216134731.0  a978-979-29-2166-3 a##a0010-121500000000461 a618.24 Nur s aNurul Laily Hidayati a1000 Hari Emas PertamabDari Persiapan Kehamilan Sampai Balita aCet 1 aYogjakartabRapha Publishingc2014 avi + 146 hlm ; 19 cm aKehamilan a35561/Pusdacil/2015,35562/Pusdacil/2015,35563/Pusdacil/2015